Martin Buber: philosophe de la relation

I tiakina i:
Ngā taipitopito rārangi puna kōrero
Kaituhi matua: Misrahi, Robert (autor)
Hōputu: Pukapuka
Reo:Wīwī
I whakaputaina: París Seghers 1968
Rangatū:Philosophes de Tous les Temps
Ngā marau:
Ngā Tūtohu: Tāpirihia he Tūtohu
Kāore He Tūtohu, Me noho koe te mea tuatahi ki te tūtohu i tēnei pūkete!

MARC

LEADER 00000nam a2200000 a 4500
001 UCZ4697
003 CL-VaPUC
008 951110e19680000FR |||||||||||||||||fre|d
082 0 4 |a 141  |b MIS  |2 21 
100 |a Misrahi, Robert  |e autor  |9 348707 
245 1 0 |a Martin Buber: philosophe de la relation 
300 |a 192 p 
942 |c BK 
945 |d 19951110 00:00:00  |a lriquelm 
260 |a París  |b Seghers  |c 1968 
600 0 7 |a BUBER, MARTIN  |2 CL-VaPUC  |9 348708 
650 0 |a Idealismo  |9 265685 
650 0 |a Teoría del conocimiento   |9 255038 
650 0 |a Ontología   |9 256850 
650 0 |a Judaísmo  |9 269348 
650 0 |a Misticismo  |9 265505 
650 0 |a Antropología   |9 233030 
650 0 |a Relaciones interpersonales  |9 307056 
583 |a last modification  |c 19951110 00:00:00  |k Rodrigo Vera 
490 0 |a Philosophes de Tous les Temps 
999 |c 241064  |d 241062 
952 |0 0  |1 0  |4 0  |6 141_000000000000000_MIS_1968  |7 0  |8 P  |9 253214  |a BIBEDU  |b BIBEDU  |c BIBEDU_PB  |d 2019-11-19  |i 1597396  |o 141 MIS 1968  |p 1597396  |r 2024-01-25  |w 2019-11-19  |y BK  |k FIL